EgyptAir Fleet - Statistics

General Stats
  • This quiz has been taken 20 times
  • The average score is 8 of 9
Answer Stats
Hint Answer % Correct
Boeing 777-300ER
94%
Airbus A320neo
94%
Boeing 787-9
89%
Airbus A330-200
89%
Airbus A330-300
89%
Boeing 737-800
83%
Airbus A321neo
83%
Airbus A350-900
83%
Boeing 737 MAX 8
78%
No matching quizzes found
Score Distribution
Percent of People with Each Score
Percentile by Number Answered
Your Score History
You have not taken this quiz